Report of the human rights committee (Record no. 3855)
[ view plain ]
| 000 -LEADER | |
|---|---|
| fixed length control field | 004270000a22001330004500 |
| 003 - CONTROL NUMBER IDENTIFIER | |
| control field | LSTLib |
| 041 ## - LANGUAGE CODE | |
| Language code of text/sound track or separate title | English Language |
| 082 ## - DEWEY DECIMAL CLASSIFICATION NUMBER | |
| Classification number | 341.231.14(047)(747) |
| Item number | REP |
| 245 ## - TITLE STATEMENT | |
| Title | Report of the human rights committee |
| Remainder of title | general assembly official records, forty-forth session |
| 260 ## - PUBLICATION, DISTRIBUTION, ETC. | |
| Place of publication, distribution, etc. | New York |
| Name of publisher, distributor, etc. | United Nations |
| Date of publication, distribution, etc. | 1989 |
| 300 ## - PHYSICAL DESCRIPTION | |
| Extent | 314 |
| Dimensions | 27.5 |
| 650 ## - SUBJECT ADDED ENTRY--TOPICAL TERM | |
| Topical term or geographic name entry element | Human Rights |
| 9 (RLIN) | 1430 |
| 942 ## - ADDED ENTRY ELEMENTS (KOHA) | |
| Koha item type | Text Books |
| Call number prefix | 341.231.14(047)(747) |
| Call number suffix | REP |
| Withdrawn status | Lost status | Source of classification or shelving scheme | Damaged status | Not for loan | Collection code | Home library | Current library | Shelving location | Date acquired | Total Checkouts | Full call number | Barcode | Date last seen | Price effective from | Koha item type |
|---|---|---|---|---|---|---|---|---|---|---|---|---|---|---|---|
| Law Collection | Law & Society Trust (LST) | Law & Society Trust (LST) | Main shelving Area | 07/01/2004 | 341.231.14(047)(747) REP | 001385 | 02/12/2020 | 02/12/2020 | Text Books |
